Picasso e o macaco Zezé (Record no. 186859)

MARC details
000 -LÍDER
campo de controle de tamanho fixo 00354 a2200157 4500
001 - NÚMERO DE CONTROLE
campo de controle 186859
020 ## - ISBN - INTERNATIONAL STANDARD BOOK NUMBER
ISBN - International Standard Book Number 978-85-10-04798-2
040 ## - FONTE DA CATALOGAÇÃO
Instituição que transcreveu o registro Magnum
100 ## - ENTRADA PRINCIPAL--NOME PESSOAL
Nome pessoal Leitão, Mércia Maria
240 10 - TÍTULO UNIFORME
Título uniforme Picasso e o macaco Zezé
Idioma da obra por
245 10 - TÍTULO
Título Picasso e o macaco Zezé
300 ## - DESCRIÇÃO FÍSICA
Extensão 31
362 0# - DATAS DE PUBLICAÇÃO E/OU DESIGNAÇÃO SEQUENCIAL
Datas de publicação e/ou designação sequencial 2010
697 ## - ENTRADA DE ASSUNTO LOCAL--ENTIDADE COLETIVA (RLIN)
Nome corporativo ou nome da jurisdição LITERATURA INFANTIL
942 ## - ELEMENTOS DE ENTRADA ADICIONADOS (KOHA)
Tipo de material Koha Livros
Holdings
Situação do descarte Situação das perdas Situação física Não pode ser emprestado Biblioteca de origem Biblioteca atual Data de aquisição Total de empréstimos Número de chamada completo Código de barras Data de último acesso Data do preço efetivo Tipo de material Koha
        Magnum Magnum 08/06/2024   869.0.281 MAG00055097 08/06/2024 08/06/2024 Livros
        Magnum Magnum 08/06/2024   869.0.281 MAG00073201 08/06/2024 08/06/2024 Livros
        Magnum Magnum 08/06/2024   869.0.281 MAG00073202 08/06/2024 08/06/2024 Livros
        Magnum Magnum 08/06/2024   869.0.281 MAG00073203 08/06/2024 08/06/2024 Livros
        Magnum Magnum 08/06/2024   869.0.281 MAG00076157 08/06/2024 08/06/2024 Livros